Statistics for Stand-Up Comedians by Picture #1

Click here to take the quiz!

General Stats

  • This quiz has been taken 57 times
  • The average score is 7 of 12

Answer Stats

Answer% Correct
Eddie Murphy
96%
Chris Rock
92%
Adam Sandler
88%
Jim Carrrey
87%
Ricky Gervais
77%
George Carlin
65%
Joe Rogan
62%
Aziz Ansari
54%
Larry the Cable Guy
50%
Bill Hicks
25%
T.J. Miller
21%
Anthony Jeselnik
13%

Score Distribution

Percentile by Number Answered

Percent of People with Each Score

Your Score History

You have not taken this quiz